[Event "CMA Futurity ABCD"]
[Site "Montreal CAN"]
[Date "2017.02.12"]
[Round "5"]
[White "Germain, Michel"]
[Black "Saha, Ananda"]
[Result "1/2-1/2"]
[WhiteElo "1945"]
[BlackElo "1997"]
[WhiteFideId "-1"]
[WhiteFideId "-1"]
[PlyCount "137"]
[GameId "2160767908478681"]
[EventDate "2017.02.10"]
[EventType "swiss"]
[EventRounds "5"]
[EventCountry "CAN"]
[SourceTitle "EXT 2022"]
[Source "ChessBase"]
[SourceDate "2021.10.06"]
[SourceVersion "1"]
[SourceVersionDate "2021.10.06"]
[SourceQuality "1"]

1. e4 c5 2. Nf3 e6 3. d3 d6 4. Be2 Nc6 5. O-O Nge7 6. Nc3 g6 7. Bg5 Bg7 8. Qd2 O-O 9. Bh6 Rb8 10. Bxg7 Kxg7 11. a4 a6 12. d4 Qc7 13. h3 Rd8 14. d5 exd5 15. Nxd5 Nxd5 16. exd5 Ne7 17. c4 Bd7 18. a5 b5 19. axb6 Qxb6 20. Ra2 a5 21. Rfa1 a4 22. Qc3+ Kg8 23. Qf6 Nf5 24. Ng5 Rf8 25. Ne4 Qd8 26. Qxd8 Rfxd8 27. Nf6+ Kg7 28. Nxd7 Rxd7 29. Bd1 Rdb7 30. Bxa4 Rxb2 31. Rxb2 Rxb2 32. Bd7 Nd4 33. Ra6 Kf6 34. Ra7 Rb4 35. Be8 Rxc4 36. Rxf7+ Ke5 37. Rxh7 Rc1+ 38. Kh2 Kxd5 39. Bxg6 c4 40. Rc7 c3 41. h4 c2 42. h5 Nc6 43. Bf7+ Kc5 44. Be8 Rh1+ 45. Kg3 c1=Q 46. Rxc6+ Kd5 47. Rxc1 Rxc1 48. Kf4 Ke6 49. g4 Rc4+ 50. Kg5 Ke7 51. h6 Kf8 52. Bd7 Rc5+ 53. Kf6 Kg8 54. g5 Rc2 55. f4 d5 56. Be6+ Kh8 57. Bxd5 Rf2 58. f5 Rf1 59. Be6 Rg1 60. Kg6 Rh1 61. Kf7 Rg1 62. Kf6 Rg2 63. Bd7 Kh7 64. Be8 Rg1 65. Bc6 Rg3 66. Be4 Rg4 67. Bd5 Rg1 68. g6+ Kxh6 69. Bg8 1/2-1/2

[Event "CMA Futurity ABCD"]
[Site "Montreal CAN"]
[Date "2017.02.12"]
[Round "5"]
[White "Huang, Qiuyu"]
[Black "Marin, Sam"]
[Result "0-1"]
[WhiteElo "1955"]
[BlackElo "1977"]
[WhiteFideId "-1"]
[WhiteFideId "-1"]
[PlyCount "82"]
[GameId "2160767908478682"]
[EventDate "2017.02.10"]
[EventType "swiss"]
[EventRounds "5"]
[EventCountry "CAN"]
[SourceTitle "EXT 2022"]
[Source "ChessBase"]
[SourceDate "2021.10.06"]
[SourceVersion "1"]
[SourceVersionDate "2021.10.06"]
[SourceQuality "1"]

1. e4 e6 2. Nf3 d5 3. e5 c5 4. b4 cxb4 5. a3 Nc6 6. axb4 Bxb4 7. c3 Be7 8. d4 Bd7 9. Bd3 f5 10. O-O Nh6 11. Bxh6 gxh6 12. c4 Nb4 13. Be2 Bc6 14. Qd2 dxc4 15. Qxh6 Bd5 16. Na3 Nd3 17. Rfd1 a6 18. g3 b5 19. Ng5 Bxg5 20. Qg7 Qe7 21. Qxh8+ Kd7 22. Qxa8 Bxa8 23. Nxb5 axb5 24. Rxa8 Qb4 25. Ra7+ Ke8 26. Bh5+ Kf8 27. Rf7+ Kg8 28. Ra1 Bd8 29. Rd7 Ba5 30. Ra7 c3 31. R1xa5 c2 32. Ra8+ Kg7 33. R5a7+ Kh6 34. Rh8 c1=Q+ 35. Kg2 Kxh5 36. Raxh7+ Kg6 37. h4 f4 38. Rh6+ Kf5 39. Rf6+ Ke4 40. f3+ Ke3 41. Kh3 Nf2+ 0-1

[Event "CMA Futurity ABCD"]
[Site "Montreal CAN"]
[Date "2017.02.12"]
[Round "5"]
[White "Langlois-Remillard, Alexis"]
[Black "Johnson-Constantin, Mathieu"]
[Result "1/2-1/2"]
[WhiteElo "1867"]
[BlackElo "1822"]
[WhiteFideId "-1"]
[WhiteFideId "-1"]
[PlyCount "57"]
[GameId "2160767908478683"]
[EventDate "2017.02.10"]
[EventType "swiss"]
[EventRounds "5"]
[EventCountry "CAN"]
[SourceTitle "EXT 2022"]
[Source "ChessBase"]
[SourceDate "2021.10.06"]
[SourceVersion "1"]
[SourceVersionDate "2021.10.06"]
[SourceQuality "1"]

1. b3 f5 2. Bb2 d6 3. Nf3 e5 4. e3 Nf6 5. c4 Be7 6. d4 e4 7. Ng5 O-O 8. Nc3 h6 9. Nh3 Be6 10. Nf4 Bf7 11. h4 Ng4 12. g3 h5 13. Qd2 c6 14. Be2 d5 15. cxd5 cxd5 16. Ncxd5 Bd6 17. Rc1 Nc6 18. Bb5 Qb8 19. Rxc6 Bxd5 20. Rxd6 Qxd6 21. Nxd5 Rac8 22. Qb4 Qxb4+ 23. Nxb4 a5 24. Bc4+ Kh7 25. Nd5 b5 26. Bxb5 Rc2 27. Ba3 Rd8 28. O-O Rxd5 29. Bc4 1/2-1/2

[Event "CMA Futurity ABCD"]
[Site "Montreal CAN"]
[Date "2017.02.12"]
[Round "5"]
[White "Leger, Manon"]
[Black "Soudre, Nicolas"]
[Result "1/2-1/2"]
[WhiteElo "2001"]
[BlackElo "2080"]
[WhiteFideId "-1"]
[WhiteFideId "-1"]
[PlyCount "114"]
[GameId "2160767908478684"]
[EventDate "2017.02.10"]
[EventType "swiss"]
[EventRounds "5"]
[EventCountry "CAN"]
[SourceTitle "EXT 2022"]
[Source "ChessBase"]
[SourceDate "2021.10.06"]
[SourceVersion "1"]
[SourceVersionDate "2021.10.06"]
[SourceQuality "1"]

1. e4 e5 2. Nf3 Nc6 3. Bb5 Nf6 4. O-O Bc5 5. d3 d6 6. c3 Bb6 7. Bg5 h6 8. Be3 O-O 9. Bxb6 axb6 10. Nbd2 Ne7 11. Re1 Ng6 12. d4 Qe7 13. Qc2 Nh5 14. g3 Bg4 15. Bd3 Qf6 16. Be2 Qe6 17. Bc4 Qe7 18. a3 Kh8 19. Bd3 Nf6 20. Re3 Nh7 21. Kg2 Qd7 22. Ng1 Qe7 23. f3 Qg5 24. Ree1 Bd7 25. Ne2 Qf6 26. Rf1 Ng5 27. Rf2 Nh3 28. Rff1 Qg5 29. Nb3 Qh5 30. Qd2 Ng5 31. Ng1 Nh3 32. Be2 Nxg1 33. Kxg1 Qh3 34. dxe5 dxe5 35. Qe3 Qe6 36. Nd2 Bc6 37. Bc4 Qe7 38. Rad1 Rad8 39. Bb3 Rd7 40. Nc4 Rfd8 41. Rxd7 Rxd7 42. Rd1 f6 43. Rxd7 Bxd7 44. Qf2 Be6 45. Nd2 Nf8 46. Bxe6 Nxe6 47. Nf1 Qc5 48. Ne3 Kg8 49. Nd5 Kf7 50. Qxc5 bxc5 51. b3 Ke8 52. Kf2 Kd7 53. Ke2 c6 54. Ne3 h5 55. h4 g6 56. Kd3 g5 57. a4 Kc7 1/2-1/2

[Event "CMA Futurity ABCD"]
[Site "Montreal CAN"]
[Date "2017.02.12"]
[Round "5"]
[White "Leveille, Francois"]
[Black "Lopez Linares, Lizandro"]
[Result "1/2-1/2"]
[WhiteElo "2279"]
[BlackElo "2104"]
[WhiteFideId "-1"]
[WhiteFideId "-1"]
[PlyCount "97"]
[GameId "2160767908478685"]
[EventDate "2017.02.10"]
[EventType "swiss"]
[EventRounds "5"]
[EventCountry "CAN"]
[SourceTitle "EXT 2022"]
[Source "ChessBase"]
[SourceDate "2021.10.06"]
[SourceVersion "1"]
[SourceVersionDate "2021.10.06"]
[SourceQuality "1"]

1. e4 d5 2. exd5 Qxd5 3. Nf3 Bg4 4. Be2 Bxf3 5. Bxf3 Qe5+ 6. Qe2 Qxe2+ 7. Kxe2 c6 8. b3 e6 9. Bb2 Nf6 10. c4 Nbd7 11. d4 Bd6 12. Rd1 O-O 13. g3 Rfe8 14. Kf1 a5 15. Nc3 Rac8 16. Bg2 Bb8 17. Rd2 Ba7 18. Rad1 e5 19. dxe5 Nxe5 20. h3 h5 21. Re2 h4 22. g4 Bb8 23. Ne4 Rcd8 24. Red2 Rxd2 25. Rxd2 Nxe4 26. Bxe4 g5 27. Bf5 Bc7 28. Bxe5 Bxe5 29. Rd7 Rb8 30. Ke2 b5 31. Bd3 Kf8 32. cxb5 cxb5 33. Rd5 f6 34. Bxb5 Ke7 35. Ba4 Bc3 36. Kd3 Be1 37. Rd7+ Ke6 38. Ke3 Rb4 39. Rd1 Bc3 40. Rd3 Bb2 41. Bc6 Bc1+ 42. Kf3 Rb6 43. Be4 Rd6 44. Rc3 Ba3 45. Re3 Ke5 46. Bd3+ Kd4 47. Bc4 Kc5 48. Re8 Kb4 49. Re6 1/2-1/2

[Event "CMA Futurity ABCD"]
[Site "Montreal CAN"]
[Date "2017.02.12"]
[Round "5"]
[White "Tremblay, Alain"]
[Black "Hollander, Michael"]
[Result "1-0"]
[WhiteElo "2059"]
[BlackElo "1998"]
[WhiteFideId "-1"]
[WhiteFideId "-1"]
[PlyCount "105"]
[GameId "2160767908478688"]
[EventDate "2017.02.10"]
[EventType "swiss"]
[EventRounds "5"]
[EventCountry "CAN"]
[SourceTitle "EXT 2022"]
[Source "ChessBase"]
[SourceDate "2021.10.06"]
[SourceVersion "1"]
[SourceVersionDate "2021.10.06"]
[SourceQuality "1"]

1. e4 e6 2. d4 d5 3. Nc3 Nf6 4. e5 Nfd7 5. f4 c5 6. Nf3 Nc6 7. Be3 a6 8. Qd2 b5 9. dxc5 Bxc5 10. Bxc5 Nxc5 11. Qf2 Nd7 12. Bd3 Qb6 13. Qg3 g6 14. h4 Nc5 15. Qf2 Nxd3+ 16. cxd3 Qxf2+ 17. Kxf2 Bd7 18. Rac1 Ke7 19. Ke3 Rac8 20. Ne2 Rc7 21. Rc2 Rhc8 22. Rhc1 Be8 23. Ned4 Kd7 24. Ng5 h6 25. Nh7 Kd8 26. Nxc6+ Rxc6 27. Rxc6 d4+ 28. Kxd4 Bxc6 29. g3 Kc7 30. Nf6 Rd8+ 31. Ke3 Kb6 32. Ng4 h5 33. Nf2 a5 34. Nh3 Kb7 35. Ng5 Rd7 36. a3 Kb6 37. Nh3 Rd5 38. Ng5 Rd7 39. Rc2 Bb7 40. Nh7 Bc6 41. Nf6 Rd8 42. d4 Bb7 43. Rc5 a4 44. Nh7 Bc6 45. Ng5 Rd7 46. Nh3 Bb7 47. Nf2 Rd8 48. Nd3 Bg2 49. Nc1 Bd5 50. Ne2 Bc4 51. Nc3 Bf1 52. Ne4 Bg2 53. Nd6 1-0

[Event "CMA Futurity ABCD"]
[Site "Montreal CAN"]
[Date "2017.02.12"]
[Round "5"]
[White "Villeneuve, Robert"]
[Black "Zumsteg, Nicolas"]
[Result "1/2-1/2"]
[WhiteElo "1859"]
[BlackElo "1910"]
[WhiteFideId "-1"]
[WhiteFideId "-1"]
[PlyCount "82"]
[GameId "2160767908478689"]
[EventDate "2017.02.10"]
[EventType "swiss"]
[EventRounds "5"]
[EventCountry "CAN"]
[SourceTitle "EXT 2022"]
[Source "ChessBase"]
[SourceDate "2021.10.06"]
[SourceVersion "1"]
[SourceVersionDate "2021.10.06"]
[SourceQuality "1"]

1. c4 Nf6 2. g3 g6 3. Bg2 Bg7 4. Nc3 O-O 5. e4 d6 6. Nge2 c5 7. d3 Nc6 8. O-O a6 9. h3 e6 10. Be3 Qc7 11. f4 Nd7 12. f5 Nd4 13. g4 h6 14. Qd2 Kh7 15. fxg6+ fxg6 16. Rxf8 Nxf8 17. Rf1 Qe7 18. e5 dxe5 19. Ne4 Nd7 20. g5 h5 21. Qe1 Rb8 22. N2c3 b5 23. b3 Bb7 24. h4 Ba8 25. Qf2 b4 26. Bxd4 exd4 27. Nf6+ Nxf6 28. gxf6 Bxf6 29. Bxa8 dxc3 30. Qf3 Bxh4 31. Be4 c2 32. Qxh5+ Kg8 33. Qxg6+ Qg7 34. Rc1 Qxg6+ 35. Bxg6 Kg7 36. Be4 Kf6 37. Rxc2 Ke5 38. Rg2 Rf8 39. Re2 Kd4 40. Bb7 Kxd3 41. Rxe6 Rf6 1/2-1/2

[Event "CYCC U08"]
[Site "Sault Ste. Marie CAN"]
[Date "2017.07.06"]
[Round "1"]
[White "Brunet, Nicolas"]
[Black "Xu, Alex"]
[Result "0-1"]
[WhiteElo "586"]
[BlackElo "881"]
[WhiteFideId "-1"]
[WhiteFideId "-1"]
[PlyCount "60"]
[GameId "2160767908344378"]
[EventDate "2017.07.06"]
[EventType "swiss"]
[EventRounds "7"]
[EventCountry "CAN"]
[SourceTitle "EXT 2022"]
[Source "ChessBase"]
[SourceDate "2021.10.06"]
[SourceVersion "1"]
[SourceVersionDate "2021.10.06"]
[SourceQuality "1"]

1. d4 d5 2. Nf3 Nc6 3. Nbd2 Bf5 4. e3 Nb4 5. c3 Nc2+ 6. Qxc2 Bxc2 7. Bb5+ c6 8. Be2 Nf6 9. O-O g6 10. Bd1 Bxd1 11. Rxd1 Bg7 12. Nf1 O-O 13. c4 dxc4 14. Ne5 c5 15. Nxc4 b5 16. Ncd2 cxd4 17. Nb3 e5 18. Bd2 dxe3 19. Ba5 Qe7 20. Rac1 Rac8 21. Nxe3 Rxc1 22. Rxc1 Nh5 23. Nd5 Qg5 24. Bd2 Nf4 25. Nxf4 exf4 26. g3 Bxb2 27. Rc5 Qg4 28. Kg2 f3+ 29. Kh1 Qh3 30. Na5 Qf1# 0-1

[Event "CYCC U08"]
[Site "Sault Ste. Marie CAN"]
[Date "2017.07.06"]
[Round "1"]
[White "Chandra, Anand"]
[Black "Mane, Arnav"]
[Result "1-0"]
[WhiteElo "1711"]
[BlackElo "829"]
[WhiteFideId "-1"]
[WhiteFideId "-1"]
[PlyCount "142"]
[GameId "2160767739780350"]
[EventDate "2017.07.06"]
[EventType "swiss"]
[EventRounds "7"]
[EventCountry "CAN"]
[SourceTitle "EXT 2022"]
[Source "ChessBase"]
[SourceDate "2021.10.06"]
[SourceVersion "1"]
[SourceVersionDate "2021.10.06"]
[SourceQuality "1"]

1. e4 c5 2. Nf3 Nc6 3. d4 cxd4 4. Nxd4 e5 5. Nb3 Nf6 6. N1d2 Be7 7. c3 d6 8. Qc2 Bd7 9. Nf3 O-O 10. Be2 Rc8 11. Qb1 h6 12. O-O Re8 13. Nbd2 a6 14. a4 Rb8 15. Rd1 Qc7 16. Nf1 Nh5 17. Nxe5 Nxe5 18. Bxh5 Bg4 19. Bxg4 Nxg4 20. h3 Ne5 21. Ne3 Qc8 22. Nd5 Qc4 23. Rd4 Qc6 24. Qc2 Rec8 25. Qe2 Bd8 26. Rd1 Bb6 27. Nxb6 Qxb6 28. Be3 Qc7 29. Rf1 Rd8 30. Rad1 Qc6 31. Bd4 Ng6 32. Rfe1 d5 33. f3 Nf4 34. Qd2 Ne6 35. e5 Qxa4 36. f4 Nxd4 37. Qxd4 Qxd4+ 38. Rxd4 b5 39. Red1 a5 40. Rxd5 Rxd5 41. Rxd5 b4 42. Rxa5 bxc3 43. bxc3 Rc8 44. Ra3 Rc4 45. g3 Re4 46. Kf2 Kf8 47. Kf3 Rc4 48. Ke3 Ke8 49. Kd3 Rc8 50. c4 Rd8+ 51. Ke4 Ke7 52. Rd3 Rc8 53. Rc3 Ke6 54. f5+ Ke7 55. c5 Rc6 56. Kd5 Rc8 57. c6 Rc7 58. Kc5 Rc8 59. Kb6 Rb8+ 60. Ka7 Rc8 61. Kb7 Re8 62. c7 Kd7 63. Rd3+ Ke7 64. c8=Q Rxc8 65. Kxc8 f6 66. Rd7+ Ke8 67. e6 h5 68. Rxg7 h4 69. gxh4 Kf8 70. Rf7+ Ke8 71. Rxf6 Ke7 {...} 1-0

[Event "CYCC U08"]
[Site "Sault Ste. Marie CAN"]
[Date "2017.07.06"]
[Round "1"]
[White "De Leon, Rut Jurry"]
[Black "Huard, Matheo"]
[Result "1-0"]
[WhiteElo "736"]
[BlackElo "1292"]
[WhiteFideId "-1"]
[WhiteFideId "-1"]
[PlyCount "67"]
[GameId "2160767908344379"]
[EventDate "2017.07.06"]
[EventType "swiss"]
[EventRounds "7"]
[EventCountry "CAN"]

1. d4 d5 2. c4 c6 3. Nc3 Nf6 4. Bg5 Bf5 5. e3 e6 6. Nf3 Nbd7 7. Be2 Be7 8. O-O O-O 9. Re1 Ne4 10. Bxe7 Qxe7 11. Nxe4 dxe4 12. Nd2 Qg5 13. g3 Rfe8 14. Qc2 Qg6 15. Bf1 Nf6 16. Bg2 Rad8 17. Rad1 Rd7 18. Rc1 Red8 19. Qb1 c5 20. d5 exd5 21. cxd5 Rxd5 22. Red1 Rxd2 23. Rxd2 Rxd2 24. Rxc5 Bg4 25. Qc1 Rd1+ 26. Qxd1 h6 27. f3 exf3 28. Bxf3 Bxf3 29. Qxf3 Qb1+ 30. Qf1 Qxb2 31. Rc8+ Kh7 32. Qd3+ g6 33. Qd8 Ng4 34. Qg8# 1-0

[Event "CYCC U08"]
[Site "Sault Ste. Marie CAN"]
[Date "2017.07.06"]
[Round "1"]
[White "Jiang, William"]
[Black "Yang, Jingyun (Ryan)"]
[Result "0-1"]
[WhiteElo "659"]
[BlackElo "1265"]
[WhiteFideId "-1"]
[WhiteFideId "-1"]
[PlyCount "70"]
[GameId "2160767908344381"]
[EventDate "2017.07.06"]
[EventType "swiss"]
[EventRounds "7"]
[EventCountry "CAN"]
[SourceTitle "EXT 2022"]
[Source "ChessBase"]
[SourceDate "2021.10.06"]
[SourceVersion "1"]
[SourceVersionDate "2021.10.06"]
[SourceQuality "1"]

1. e4 e5 2. Nf3 Nc6 3. Bb5 Bc5 4. O-O Nf6 5. d3 d6 6. Bg5 O-O 7. Nc3 Bd7 8. Nd5 a6 9. Ba4 b5 10. Bb3 Na5 11. Nxf6+ gxf6 12. Bh6 Nxb3 13. axb3 Re8 14. Nh4 Kh8 15. Qf3 Rg8 16. Qh5 Qe8 17. Ng6+ fxg6 18. Qf3 Qf7 19. Bg5 f5 20. Ra5 Bb6 21. Ra2 Bc6 22. Rfa1 Bb7 23. Rc1 Qf8 24. c4 fxe4 25. Qxf8 Rgxf8 26. Be7 Rxf2 27. Kh1 e3 28. Bh4 Rxg2 29. h3 Rxb2+ 30. Kg1 Rxa2 31. Re1 Rf8 32. Be7 Rff2 33. Bh4 Rg2+ 34. Kh1 Rh2+ 35. Kg1 Rh1# 0-1

[Event "CYCC U08"]
[Site "Sault Ste. Marie CAN"]
[Date "2017.07.06"]
[Round "1"]
[White "Li, Gabriel"]
[Black "Dupuis, Denis K"]
[Result "0-1"]
[WhiteElo "813"]
[BlackElo "1354"]
[WhiteFideId "-1"]
[WhiteFideId "-1"]
[PlyCount "54"]
[GameId "2160767908344383"]
[EventDate "2017.07.06"]
[EventType "swiss"]
[EventRounds "7"]
[EventCountry "CAN"]
[SourceTitle "EXT 2022"]
[Source "ChessBase"]
[SourceDate "2021.10.06"]
[SourceVersion "1"]
[SourceVersionDate "2021.10.06"]
[SourceQuality "1"]

1. d4 d5 2. c4 e6 3. Nc3 Nf6 4. Bd2 c5 5. Nf3 Nc6 6. e3 dxc4 7. Bxc4 cxd4 8. Ne2 dxe3 9. Bxe3 Bb4+ 10. Nc3 Qxd1+ 11. Rxd1 Ne4 12. Rc1 Bd7 13. a3 Nxc3 14. axb4 Ne4 15. b5 Nb4 16. Be2 Nd5 17. Bd4 Ke7 18. Bxg7 Rhg8 19. Bd4 Rxg2 20. Be5 Rxf2 21. Bd3 Rxf3 22. Bxe4 Re3+ 23. Kd2 Rxe4 24. Bg3 Bxb5 25. Rc5 Ba6 26. Rhc1 Re2+ 27. Kd1 Ne3# 0-1

[Event "CYCC U08"]
[Site "Sault Ste. Marie CAN"]
[Date "2017.07.06"]
[Round "1"]
[White "Liu, Eric"]
[Black "Bai, Kingsley"]
[Result "1-0"]
[WhiteElo "1152"]
[BlackElo "652"]
[WhiteFideId "-1"]
[WhiteFideId "-1"]
[PlyCount "63"]
[GameId "2160767908344384"]
[EventDate "2017.07.06"]
[EventType "swiss"]
[EventRounds "7"]
[EventCountry "CAN"]
[SourceTitle "EXT 2022"]
[Source "ChessBase"]
[SourceDate "2021.10.06"]
[SourceVersion "1"]
[SourceVersionDate "2021.10.06"]
[SourceQuality "1"]

1. d4 e6 2. e4 d5 3. Nc3 dxe4 4. Nxe4 Nd7 5. Nf3 Ngf6 6. Nxf6+ Nxf6 7. c4 Bb4+ 8. Bd2 Bxd2+ 9. Qxd2 O-O 10. Bd3 Qe7 11. O-O Rd8 12. Ne5 Rxd4 13. Bxh7+ Nxh7 14. Qxd4 b6 15. Rad1 Bb7 16. Qd7 Qf8 17. Qxc7 Be4 18. Rfe1 Rc8 19. Qxa7 Rd8 20. Rxd8 Qxd8 21. Qxf7+ Kh8 22. h3 Ng5 23. Qd7 Qf6 24. Ng4 Nxh3+ 25. gxh3 Qf3 26. Rxe4 Qxe4 27. Qe8+ Kh7 28. Kh2 Qxc4 29. Qf7 Qd5 30. Nf6+ Kh6 31. Nxd5 exd5 32. Qxd5 1-0

[Event "CYCC U08"]
[Site "Sault Ste. Marie CAN"]
[Date "2017.07.06"]
[Round "1"]
[White "Song, Ethan"]
[Black "Pugach, Daniel"]
[Result "1-0"]
[WhiteElo "1315"]
[BlackElo "748"]
[WhiteFideId "-1"]
[WhiteFideId "-1"]
[PlyCount "53"]
[GameId "2160767908344387"]
[EventDate "2017.07.06"]
[EventType "swiss"]
[EventRounds "7"]
[EventCountry "CAN"]
[SourceTitle "EXT 2022"]
[Source "ChessBase"]
[SourceDate "2021.10.06"]
[SourceVersion "1"]
[SourceVersionDate "2021.10.06"]
[SourceQuality "1"]

1. c4 e5 2. Nc3 Nf6 3. g3 Be7 4. Bg2 O-O 5. e3 d6 6. Nge2 Nc6 7. d3 Bg4 8. h3 Bh5 9. g4 Bg6 10. Rb1 Nb4 11. e4 Nd7 12. a3 Nc6 13. f4 Bh4+ 14. Kf1 exf4 15. Nxf4 Qf6 16. Ncd5 Qd4 17. Be3 Qe5 18. d4 Qe8 19. Nxc7 Qe7 20. Nfd5 Qd8 21. Nxa8 Qxa8 22. Bf4 Qd8 23. Bxd6 Re8 24. Bc7 Qf6+ 25. Qf3 Rxe4 26. Qxf6 Rxd4 27. Qxh4 1-0

[Event "CYCC U08"]
[Site "Sault Ste. Marie CAN"]
[Date "2017.07.06"]
[Round "1"]
[White "Wang, Arthur D"]
[Black "Deng, Henry"]
[Result "1-0"]
[WhiteElo "634"]
[BlackElo "1014"]
[WhiteFideId "-1"]
[WhiteFideId "-1"]
[PlyCount "87"]
[GameId "2160767908344388"]
[EventDate "2017.07.06"]
[EventType "swiss"]
[EventRounds "7"]
[EventCountry "CAN"]
[SourceTitle "EXT 2022"]
[Source "ChessBase"]
[SourceDate "2021.10.06"]
[SourceVersion "1"]
[SourceVersionDate "2021.10.06"]
[SourceQuality "1"]

1. d4 d5 2. c4 c6 3. Nc3 Nf6 4. Nf3 Bf5 5. Bg5 h6 6. Bxf6 gxf6 7. e3 Na6 8. Qd2 Nb4 9. Be2 Nc2+ 10. Kf1 Nxa1 11. Bd3 Bxd3+ 12. Qxd3 b6 13. cxd5 cxd5 14. Qb1 e6 15. Qxa1 Bb4 16. Qc1 Rc8 17. Qd2 a5 18. a3 Bxc3 19. bxc3 Qc7 20. Ke2 Qxc3 21. Qxc3 Rxc3 22. Ra1 Ke7 23. Kd2 Rhc8 24. Ne1 b5 25. h3 b4 26. axb4 axb4 27. Rb1 b3 28. g3 b2 29. Rxb2 e5 30. dxe5 fxe5 31. f3 d4 32. exd4 exd4 33. Nc2 Rxc2+ 34. Rxc2 Rd8 35. Rc4 d3 36. Rc3 Ke6 37. Rxd3 Rxd3+ 38. Kxd3 Kf5 39. Ke3 Kf6 40. f4 Kg6 41. Kf3 f5 42. g4 fxg4+ 43. Kxg4 h5+ 44. Kg3 1-0

[Event "CYCC U08"]
[Site "Sault Ste. Marie CAN"]
[Date "2017.07.06"]
[Round "1"]
[White "Wang, Richard2"]
[Black "Huang, Winston1"]
[Result "1-0"]
[WhiteElo "1008"]
[BlackElo "586"]
[WhiteFideId "-1"]
[WhiteFideId "-1"]
[PlyCount "79"]
[GameId "2160767908344389"]
[EventDate "2017.07.06"]
[EventType "swiss"]
[EventRounds "7"]
[EventCountry "CAN"]
[SourceTitle "EXT 2022"]
[Source "ChessBase"]
[SourceDate "2021.10.06"]
[SourceVersion "1"]
[SourceVersionDate "2021.10.06"]
[SourceQuality "1"]

1. d4 d5 2. c4 Nc6 3. Nf3 Nf6 4. e3 Bf5 5. Nc3 e6 6. a3 Bd6 7. Be2 O-O 8. O-O Qd7 9. Bd3 Bxd3 10. Qxd3 Rae8 11. Re1 b6 12. Bd2 Re7 13. b4 Rfe8 14. c5 bxc5 15. bxc5 Bxc5 16. dxc5 h6 17. h3 Na5 18. Nb5 Qc6 19. Bxa5 a6 20. Ne5 Qb7 21. Nc3 c6 22. Rab1 Qa8 23. Rb6 Rc8 24. Rxa6 Qb7 25. Rb1 Qxb1+ 26. Qxb1 Ree8 27. Rxc6 Rxc6 28. Nxc6 Rc8 29. Ne7+ Kf8 30. Nxc8 Ne4 31. Nxe4 dxe4 32. Qxe4 f5 33. Qxe6 g6 34. c6 h5 35. Bb4+ Kg7 36. c7 h4 37. Nd6 Kh6 38. c8=Q Kg5 39. f4+ Kh5 40. Qh8# 1-0

[Event "CYCC U08"]
[Site "Sault Ste. Marie CAN"]
[Date "2017.07.06"]
[Round "2"]
[White "Deng, Henry"]
[Black "Huang, Winston1"]
[Result "1-0"]
[WhiteElo "1014"]
[BlackElo "586"]
[WhiteFideId "-1"]
[WhiteFideId "-1"]
[PlyCount "79"]
[GameId "2160767908344391"]
[EventDate "2017.07.06"]
[EventType "swiss"]
[EventRounds "7"]
[EventCountry "CAN"]
[SourceTitle "EXT 2022"]
[Source "ChessBase"]
[SourceDate "2021.10.06"]
[SourceVersion "1"]
[SourceVersionDate "2021.10.06"]
[SourceQuality "1"]

1. e4 e5 2. Bc4 Nf6 3. Nc3 Nc6 4. Nf3 Bd6 5. Ng5 O-O 6. Nxf7 Qe7 7. Nxd6+ Kh8 8. Nxc8 Raxc8 9. O-O a6 10. d3 b5 11. Bd5 Nb4 12. a3 Nbxd5 13. exd5 c6 14. dxc6 dxc6 15. Be3 Ng4 16. Qxg4 a5 17. b4 axb4 18. axb4 Qxb4 19. Qxb4 Ra8 20. Rxa8 Rxa8 21. Qc5 h6 22. Qxc6 Rf8 23. Qxb5 Rf5 24. Qe8+ Kh7 25. Qe6 Rf6 26. Qxe5 Rf8 27. Qe4+ Kg8 28. Nd5 Kf7 29. Qf4+ Kg8 30. Qxf8+ Kxf8 31. Bf4 g5 32. Bxg5 hxg5 33. Re1 Kf7 34. c4 Kg6 35. c5 Kh5 36. c6 Kg4 37. c7 Kh5 38. c8=Q Kh4 39. Nf6 g4 40. Qxg4# 1-0

[Event "CYCC U08"]
[Site "Sault Ste. Marie CAN"]
[Date "2017.07.06"]
[Round "2"]
[White "Dupuis, Denis K"]
[Black "Ran, Sean"]
[Result "0-1"]
[WhiteElo "1354"]
[BlackElo "906"]
[WhiteFideId "-1"]
[WhiteFideId "-1"]
[PlyCount "182"]
[GameId "2160767908344392"]
[EventDate "2017.07.06"]
[EventType "swiss"]
[EventRounds "7"]
[EventCountry "CAN"]
[SourceTitle "EXT 2022"]
[Source "ChessBase"]
[SourceDate "2021.10.06"]
[SourceVersion "1"]
[SourceVersionDate "2021.10.06"]
[SourceQuality "1"]

1. e4 e5 2. Nf3 Nc6 3. Bc4 Bc5 4. c3 h6 5. d4 exd4 6. cxd4 Bb4+ 7. Bd2 Bxd2+ 8. Nbxd2 Nf6 9. O-O O-O 10. e5 Nh7 11. Ne4 d5 12. exd6 cxd6 13. d5 Na5 14. Bd3 Nf6 15. Qc2 Nxd5 16. Nd4 Nb4 17. Qc3 Nxd3 18. Qxd3 d5 19. Ng3 Nc6 20. f4 Be6 21. f5 Bd7 22. f6 Ne5 23. Qb3 gxf6 24. Ngf5 Bxf5 25. Nxf5 Kh7 26. Qh3 Qb6+ 27. Kh1 Ng4 28. Qxg4 Rg8 29. Qd4 Qe6 30. Rae1 Qb6 31. Re7 Raf8 32. Qxb6 axb6 33. Rxb7 Rg5 34. Rxb6 Kg6 35. Ne7+ Kg7 36. Rfxf6 Re8 37. Nf5+ Rxf5 38. Rxf7+ Rxf7 39. h3 Rf1+ 40. Kh2 d4 41. Rd6 Rd1 42. Kg3 d3 43. Kf2 d2 44. Rd7+ Kg6 45. Rd6+ Kf5 46. Rxh6 Rf1+ 47. Kxf1 d1=Q+ 48. Kf2 Re2+ 49. Kg3 Qd3+ 50. Kh2 Rxb2 51. Rh5+ Ke4 52. Rh4+ Kd5 53. Rh5+ Kc4 54. Rh4+ Kc3 55. Kg1 Qd1+ 56. Kh2 Qf3 57. Rg4 Rxa2 58. Rg3 Qxg3+ 59. Kxg3 Kd4 60. h4 Ra5 61. Kf4 Re5 62. g4 Kd5 63. h5 Ke6 64. h6 Ra5 65. g5 Kf7 66. Kg4 Kg6 67. h7 Rxg5+ 68. Kf4 Rh5 69. h8=N+ Rxh8 70. Kg4 Ra8 71. Kf4 Ra5 72. Ke4 Kf6 73. Kd4 Ke6 74. Kc4 Kd6 75. Kb4 Rh5 76. Kc4 Rg5 77. Kd4 Rg4+ 78. Ke3 Ke5 79. Kf3 Ra4 80. Kg3 Kf5 81. Kf3 Ra3+ 82. Ke2 Ke4 83. Kd2 Kd4 84. Ke2 Rb3 85. Kd2 Rb2+ 86. Kc1 Rh2 87. Kd1 Ke3 88. Kc1 Kd3 89. Kb1 Kc3 90. Ka1 Kb3 91. Kb1 Rh1# 0-1

[Event "CYCC U08"]
[Site "Sault Ste. Marie CAN"]
[Date "2017.07.06"]
[Round "2"]
[White "Huard, Matheo"]
[Black "Wang, Arthur D"]
[Result "1-0"]
[WhiteElo "1292"]
[BlackElo "634"]
[WhiteFideId "-1"]
[WhiteFideId "-1"]
[PlyCount "97"]
[GameId "2160767908344394"]
[EventDate "2017.07.06"]
[EventType "swiss"]
[EventRounds "7"]
[EventCountry "CAN"]
[SourceTitle "EXT 2022"]
[Source "ChessBase"]
[SourceDate "2021.10.06"]
[SourceVersion "1"]
[SourceVersionDate "2021.10.06"]
[SourceQuality "1"]

1. e4 c5 2. b4 cxb4 3. d4 e6 4. c3 bxc3 5. Nxc3 Nf6 6. Bc4 Nc6 7. Nf3 Bb4 8. Bd2 O-O 9. O-O Bxc3 10. Bxc3 Nxe4 11. Qd3 Nf6 12. Ng5 d5 13. Bb3 Re8 14. Bc2 Ne4 15. Bd2 Nxg5 16. Bxg5 Qxg5 17. Qxh7+ Kf8 18. h4 Qf6 19. Rad1 Nxd4 20. Ba4 Rd8 21. Rfe1 a6 22. Rc1 b5 23. Qh8+ Ke7 24. Rc7+ Kd6 25. Qh7 Kxc7 26. Rc1+ Kd7 27. Bb3 Nxb3 28. axb3 Ke7 29. Rc7+ Kd6 30. Qc2 Bd7 31. Qc5+ Ke5 32. Qc3+ Kf5 33. Qd3+ Kg4 34. Qg3+ Kh5 35. Qh3 Qxh4 36. g4+ Kg5 37. f4+ Kxf4 38. Qxh4 Rdc8 39. g5+ Kf5 40. Rxd7 Rc1+ 41. Kf2 Rc2+ 42. Ke1 Rc1+ 43. Kd2 Rac8 44. Qf2+ Kg6 45. Qxf7+ Kxg5 46. Qxg7+ Kf4 47. Rf7+ Ke4 48. Qg4+ Ke5 49. Qf4# 1-0